¡Yo! ¡Cómo veo, cómo siento y de qué estoy hecho! / (Registro nro. 30255)
[ vista simple ]
| 000 -LEADER | |
|---|---|
| fixed length control field | 00527nam a22001457a 4500 |
| 003 - CONTROL NUMBER IDENTIFIER | |
| control field | OSt |
| 005 - DATE AND TIME OF LATEST TRANSACTION | |
| control field | 20250808120521.0 |
| 008 - FIXED-LENGTH DATA ELEMENTS--GENERAL INFORMATION | |
| fixed length control field | 230919b |||||||| |||| 00| 0 eng d |
| 040 ## - CATALOGING SOURCE | |
| Transcribing agency | CO-JMCR |
| 082 04 - DEWEY DECIMAL CLASSIFICATION NUMBER | |
| Classification number | C |
| Item number | COMl |
| 100 10 - MAIN ENTRY--PERSONAL NAME | |
| Personal name | Rinaldo, Luana, |
| Relator term | autora |
| 9 (RLIN) | 42917 |
| 245 ## - TITLE STATEMENT | |
| Title | ¡Yo! ¡Cómo veo, cómo siento y de qué estoy hecho! / |
| Statement of responsibility, etc. | Luana Rinaldo |
| 520 ## - SUMMARY, ETC. | |
| Summary, etc. | Una sencilla y divertida introducción sobre el cuerpo humano para los más pequeños.<br/>¡Con mecanismos fascinantes y texturas para tocar y sentir! |
| 942 ## - ADDED ENTRY ELEMENTS (KOHA) | |
| Source of classification or shelving scheme | Dewey Decimal Classification |
| Koha item type | Books |
| Withdrawn status | Lost status | Source of classification or shelving scheme | Damaged status | Not for loan | Collection code | Home library | Current library | Date acquired | Total Checkouts | Total Renewals | Full call number | Barcode | Date last seen | Date last checked out | Copy number | Price effective from | Koha item type |
|---|---|---|---|---|---|---|---|---|---|---|---|---|---|---|---|---|---|
| Dewey Decimal Classification | Fiction | Biblioteca Pública José María del Castillo y Rada | Biblioteca Pública José María del Castillo y Rada | 09/19/2023 | 19 | 1 | C COMl | 201812042 | 03/05/2026 | 03/05/2026 | Ej.1 | 09/19/2023 | Books |